| 000 | 00374nam a2200133 4500 | ||
|---|---|---|---|
| 999 |
_c9570 _d9570 |
||
| 003 | OSt | ||
| 005 | 20210705104519.0 | ||
| 008 | 210705b ||||| |||| 00| 0 eng d | ||
| 020 | _a9781138594821 | ||
| 082 |
_a720.19 _bDAY |
||
| 100 | _a Day, Christopher, 1942-; Gwilliam, Julie P. | ||
| 245 | _aLiving architecture, living cities : soul-nourishing sustainability | ||
| 942 | _2ddc | ||